Brazil First Level Subdivisions - Statistics

General Stats
  • This quiz has been taken 516 times
  • The average score is 19 of 27
Answer Stats
Estados % Correct
Rio de Janeiro
97%
Amazonas
89%
São Paulo
88%
Pará
81%
Mato Grosso
80%
Acre
74%
Bahia
74%
Rio Grande do Sul
74%
Mato Grosso do Sul
73%
Rio Grande do Norte
71%
Paraná
70%
Federal District
68%
Santa Catarina
66%
Minas Gerais
65%
Rondônia
65%
Amapá
64%
Goiás
62%
Pernambuco
62%
Roraima
62%
Espírito Santo
61%
Tocantins
61%
Ceará
60%
Piauí
60%
Sergipe
60%
Alagoas
58%
Maranhão
57%
Paraíba
57%
No matching quizzes found
Score Distribution
Percent of People with Each Score
Percentile by Number Answered
Your Score History
You have not taken this quiz